=LDR 00000nam 2200000 4500 =001 INLIS000000000053899 =005 20210428082648 =035 ##$$a 0010-0319000094 =007 ta =008 210428################g##########0#ind## =020 ##$$a ISSN : 0215-0247 =082 ##$$a 340.5 =084 ##$$a 340.5 MAJ m =245 ##$$a Majalah hukum varia peradilan tahun xxxii no 362-373 bulan Januari - Desember th 2016 =260 ##$$a Jakarta :$b Ikahi,$c 2016 =300 ##$$a 192 hlm. : $b ilus. ; $c 24 x 16 cm. =650 #4$$a Hukum - Majalah =504 ##$$a Bibliografi halaman : 141-142 =990 ##$$a 31800298 =990 ##$$a 31800297 =990 ##$$a 31800296 =990 ##$$a 31800295 =990 ##$$a 31800294 =990 ##$$a 31800293 =990 ##$$a 31800292 =990 ##$$a 31800291 =990 ##$$a 31800291 =990 ##$$a 31800298 =990 ##$$a 31800297 =990 ##$$a 31800296 =990 ##$$a 31800295 =990 ##$$a 31800294 =990 ##$$a 31800293 =990 ##$$a 31800292 =990 ##$$a 15681568